00706nam a2200217Ia 4500003000400000005001700004006001800021007000300039008004100042024000900083037001100092040001800103041001300121100002200134110007600156245012200232260000900354650001900363700003000382700007600412OSt20220930091231.0a|||||r|||| 00| 0ta220926b |||||||| |||| 00| 0 eng d a4890 cTheses aCRLcCRLbeng 2engaeng aVashisht Prashant aUniversity of Delhi. Faculty of Medical Sciences. Department of Surgery 0aComparative analysis of colour vision assessment by ishihara charts, Nagel's anomaloscope and farnsworth munsell D-15 c2012 aEYE - DISEASES a Dr. J. K. S. Parihar Gu. aUniversity of Delhi. Faculty of Medical Sciences. Department of Surgery